书目信息 |
| 题名: |
新能源汽车充电系统原理与检修
|
|
| 作者: | 张珠让 , 贾小亮 , 范小勇 主编 | |
| 分册: | ||
| 出版信息: | 天津 天津科学技术出版社 2020.9 |
|
| 页数: | 183页 | |
| 开本: | 29cm | |
| 丛书名: | ||
| 单 册: | ||
| 中图分类: | U469.72 | |
| 科图分类: | ||
| 主题词: | 新能源--汽车--充电--教材 , 新能源--汽车--检修--教材 | |
| 电子资源: | ||
| ISBN: | 978-7-5576-8675-8 | |
| 000 | 01135nam0 2200277 45 | |
| 001 | 012001001283 | |
| 005 | 20140913134202.0 | |
| 010 | @a978-7-5576-8675-8@dCNY48.00 | |
| 100 | @a20201216d2020 em y0chiy50 ea | |
| 101 | 0 | @achi |
| 102 | @aCN@b120000 | |
| 105 | @aa z 000yy | |
| 106 | @ar | |
| 200 | 1 | @a新能源汽车充电系统原理与检修@Axin neng yuan qi che chong dian xi tong yuan li yu jian xiu@f张珠让,贾小亮,范小勇主编 |
| 210 | @a天津@c天津科学技术出版社@d2020.9 | |
| 215 | @a183页@c图@d29cm | |
| 300 | @a全国“十三五”新能源汽车专业规划精品教材 21世纪全国新能源汽车专业优秀教材 | |
| 330 | @a本书介绍了新能源汽车概论、新能源电动汽车检修的高压安全防护、新能源电动汽车充电系统认识、新能源电动汽车慢充系统工作原理与故障检修、新能源电动汽车直流快充系统工作原理与故障检修、新能源电动汽车充电桩工作原理与检修等内容。 | |
| 606 | 0 | @a新能源@x汽车@x充电@j教材 |
| 606 | 0 | @a新能源@x汽车@x检修@j教材 |
| 690 | @aU469.72@v5 | |
| 701 | 0 | @a张珠让@Azhang zhu rang@4主编 |
| 701 | 0 | @a贾小亮@Ajia xiao liang@4主编 |
| 701 | 0 | @a范小勇@Afan xiao yong@4主编 |
| 801 | 0 | @aCN@bBJSDL@c20211011 |
| 905 | @b1333766-9@dU469.72@e1042@f4 | |
| 新能源汽车充电系统原理与检修/张珠让,贾小亮,范小勇主编.-天津:天津科学技术出版社,2020.9 |
| 183页:图;29cm |
| 全国“十三五”新能源汽车专业规划精品教材 21世纪全国新能源汽车专业优秀教材 |
| ISBN 978-7-5576-8675-8:CNY48.00 |
| 本书介绍了新能源汽车概论、新能源电动汽车检修的高压安全防护、新能源电动汽车充电系统认识、新能源电动汽车慢充系统工作原理与故障检修、新能源电动汽车直流快充系统工作原理与故障检修、新能源电动汽车充电桩工作原理与检修等内容。 |
| ● |
| 相关链接 |
|
|
|
|
正题名:新能源汽车充电系统原理与检修
索取号:U469.72/1042
 
预约/预借
| 序号 | 登录号 | 条形码 | 馆藏地/架位号 | 状态 | 备注 |
| 1 | 1333766 | 213337664 | 第二样本阅览室/ [索取号:U469.72/1042] | 在馆 | |
| 2 | 1333767 | 213337673 | 第三借阅区/ [索取号:U469.72/1042] | 在馆 | |
| 3 | 1333768 | 213337682 | 第三借阅区/ [索取号:U469.72/1042] | 在馆 | |
| 4 | 1333769 | 213337691 | 第三借阅区/ [索取号:U469.72/1042] | 在馆 |